Normal view
MARC view
Entry Personal Name
001 - CONTROL NUMBER
- control field: 81029
003 - CONTROL NUMBER IDENTIFIER
- control field: dpl
005 - DATE AND TIME OF LATEST TRANSACTION
- control field: 20250506151016.0
008 - FIXED-LENGTH DATA ELEMENTS
- fixed length control field: 250506|| aca||aabn | a|a d
040 ## - CATALOGING SOURCE
- Original cataloging agency: dpl
- Transcribing agency: dpl
100 ## - HEADING--PERSONAL NAME
- Personal name: Rao, T. Yadagiri
670 ## - SOURCE DATA FOUND
- Source citation: Work cat.: (dpl)211157: Ugandher, Gauda 81028, Buyer and Seller Relations/, 2022
